LEADER 01211nam0-2200397---450 001 990009892810403321 005 20191030095921.0 010 $a978-88-917-0544-0 035 $a000989281 035 $aFED01000989281 035 $a(Aleph)000989281FED01 035 $a000989281 100 $a20140905d2014----km-y0itay50------ba 101 0 $aita 102 $aIT 105 $a--------001yy 200 1 $a# Generazione 2.0$echi sono, cosa vogliono, come dialogare con loro$fFederico Capeci$gprefazione di Riccardo Luna$gpostfazione di Stefano Epifani 210 $aMilano$cFrancoAngeli$d2014 215 $a160 p.$cill.$d21 cm 225 1 $a<>societą$v159 320 $aContiene bibl. (pp.159-160) 610 0 $aGiovani$aUso di Internet$aAspetti sociali 676 $a305.23$v22$zita 676 $a303.4833$v22$zita 700 1$aCapeci,$bFederico$0523609 702 1$aLuna,$bRiccardo 702 1$aEpifani,$bStefano 801 0$aIT$bUNINA$gREICAT$2UNIMARC 901 $aBK 912 $a990009892810403321 952 $a305.23 CAP 1$b6741$fBFS 952 $aCOLLEZ. 1777 (159)$b1827/2019$fFSPBC 959 $aFSPBC 959 $aBFS 996 $aGenerazione 2.0$9829566 997 $aUNINA LEADER 01668nam 2200445 450 001 9910466427703321 005 20200520144314.0 010 $a0-16-093901-1 010 $a0-16-093903-8 035 $a(CKB)3710000001410266 035 $a(MiAaPQ)EBC4878512 035 $a(Au-PeEL)EBL4878512 035 $a(CaPaEBR)ebr11398991 035 $a(OCoLC)991552891 035 $a(EXLCZ)993710000001410266 100 $a20190103d2015 ua 0 101 0 $aeng 135 $aurcnu|||||||| 181 $ctxt$2rdacontent 182 $cc$2rdamedia 183 $acr$2rdacarrier 200 00$aAirborne hazards related to deployment /$fedited by Coleen P. Baird, MD, MPH, Program Manager, Environmental Medicine Program, US Army Public Health Command, and Deanna K. Harkins, MD, MPH, Occupational Medicine Physician, Environmental Medicine Program, US Army Public Health Command 210 1$aFort Sam Houston, Texas :$cBorden Institute, US Army Medical Department Center & School ;$aFalls Church, Virginia :$cOffice of The Surgeon General, United States Army,$d[2015] 210 4$d©2015 215 $a1 online resource (xxiv, 417 pages) $cillustrations 225 1 $aTextbooks of military medicine 311 $a0-16-092762-5 320 $aIncludes bibliographical references and index. 410 0$aTextbooks of military medicine. 608 $aElectronic books. 676 $a616.2/4 702 $aBaird$b Coleen P. 702 $aHarkins$b Deanna K. 801 0$bMiAaPQ 801 1$bMiAaPQ 801 2$bMiAaPQ 906 $aBOOK 912 $a9910466427703321 996 $aAirborne hazards related to deployment$92261553 997 $aUNINA